| 000 | 005840000a22002170004500 | ||
|---|---|---|---|
| 003 | LK-CoMWRAF | ||
| 005 | 20240106123112.0 | ||
| 008 | 230817t1993 ||||| |||| 00| 0 eng d | ||
| 020 | _a8172230737 | ||
| 040 |
_aLK-CoMWRAF _dLK-CoMWRAF _eLK-CoMWRAF |
||
| 041 | _aeng | ||
| 082 |
_a821.912 _bNAI |
||
| 100 | _aNaidu, Sarojini | ||
| 245 |
_aSarojini Naidu: _bselected poetry and prose |
||
| 260 |
_aNew Delhi: _bIndus, _c1993 |
||
| 300 | _a232 p. ; 24 cm. | ||
| 650 | _aPOETRY-Indian authors | ||
| 650 | _aPROSE-Indian authors | ||
| 700 |
_aParanjape, Makarand _eed. |
||
| 942 | _cBK | ||
| 999 |
_c2271 _d2271 |
||